000 005280000a22001810004500
003 MACL
005 20160225123432.0
008 160225b xxu||||| |||| 00| 0 eng d
040 _aMACL
_cMACL
041 _aHindi
082 _a800
100 _aडॉ सम्‍पूर्णानन्‍द
_940314
245 _aस्‍फुट विचार
260 _bसूचना विभाग
_c1959
_aउत्‍तर प्रदेश
350 _a3
650 _aLiteracture
_939932
942 _cHIN
_k800
_2ddc
999 _c24882
_d24882